| 000 | 00435nam a2200157 a 4500 | ||
|---|---|---|---|
| 001 | 000024018 | ||
| 005 | 20200930022640.0 | ||
| 008 | 110118s1980 dr a 000 0 spa d | ||
| 040 |
_aDO-SdBNP _bspa _cBNPHU |
||
| 082 |
_axxx _bG216m |
||
| 100 | 1 |
_aGarcía, Lautico _923410 |
|
| 245 | 1 | 0 |
_aMi iglesia en cambio / _cLautico García. |
| 260 |
_aSanto Domingo : _bAlfa y Omega, _c1980. |
||
| 300 |
_a590 p. : _bil. ; _c23 cm. |
||
| 049 | _aBNPD | ||
| 999 |
_c23513 _d23513 |
||